Los trabajos finales de graduación su elaboración y presentación en las ciencias sociales (Registro nro. 3362)

Detalles MARC
000 -Cabecera
Campo de control de longitud fija 00785aam a2200289 4500
005 - Fecha y hora de la última transacción
Campo de control 20260303174601.0
008 - Elementos de longitud fija--Información general
Campo de control de longitud fija 150224b1995 xxu||||| |||| 00| 0 eng d
041 ## - Idioma
Código de idioma Español
082 ## - Clasificación Decimal Dewey
Número de clasificación 001.42 B837t
100 ## - Entrada principal--Autor personal
Nombre personal Brenes Chacón, Albam
245 ## - Título propiamente dicho
Título Los trabajos finales de graduación su elaboración y presentación en las ciencias sociales
260 ## - Pie de imprenta
Lugar de publicación, distribución, etc. Costa Rica
260 ## - Pie de imprenta
Nombre del editor, distribuidor, etc. EUNED
260 ## - Pie de imprenta
Fecha de publicación, distribución, etc. 1995
300 ## - Descripción física
Extensión 320 páginas
490 ## - Serie
Título de la Serie Temática General
650 ## - Materia general
Temática (materia general) MÉTODOS DE INVESTIGACIÓN
650 ## - Materia general
Temática (materia general) INVESTIGACIÓN
650 ## - Materia general
Temática (materia general) METODOLOGÍA
650 ## - Materia general
Temática (materia general) CIENCIAS SOCIALES
650 ## - Materia general
Temática (materia general) TESIS
650 ## - Materia general
Temática (materia general) TRABAJO FINAL DE GRADUACIÓN
650 ## - Materia general
Temática (materia general) PROCEDIMIENTO METODOLÓGICO
650 ## - Materia general
Temática (materia general) PROYECTO
650 ## - Materia general
Temática (materia general) ESQUEMA
942 ## - Punto de acceso adicional KOHA
Tipo de ítem KOHA Libro
Fuente del sistema de clasificación o colocación Dewey Decimal Classification
Existencias
Signatura completa Código de barras Programa Académico Tipo de ítem
001.42 B837t 4722 Temática General Libro
001.42 B837t 12761 Temática General Libro
001.42 B837t 12762 Temática General Libro